| 000 | 00521cam a22002051 4500 | ||
|---|---|---|---|
| 001 | sa 64004215 | ||
| 003 | DLC | ||
| 005 | 20260227112023.0 | ||
| 008 | 750623s1962 xx 000 0 eng | ||
| 010 | _asa 64004215 | ||
| 035 | _a(OCoLC)1405333 | ||
| 040 |
_aDLC _cNSyU _dDLC |
||
| 042 | _apremarc | ||
| 050 | 0 | 0 |
_aTC805 _b.S3 |
| 100 | 1 | _aSahasrabudhe, S. R. | |
| 245 | 1 | 0 | _aIrrigation engineering. |
| 260 |
_aLudhiana, _bKatson Pub. House _c[1962] |
||
| 300 |
_aiii, 458 p. _billus. _c22 cm. |
||
| 650 | 0 | _aIrrigation. | |
| 999 |
_c58377 _d58377 |
||